| 000 | 00429nam a22001577a 4500 | ||
|---|---|---|---|
| 999 |
_c17164 _d17164 |
||
| 008 | 180913b xxu||||| |||| 00| 0 eng d | ||
| 020 | _a0071318310 | ||
| 050 |
_aPN1995 _b.B67 2013 c.1 |
||
| 100 | _aBordwell, David | ||
| 245 |
_aFilm Art _bAn Introduction _cDavid Bordwell |
||
| 250 | _a10th ed. | ||
| 260 |
_aNew York _bMcGrawHill _c2013 |
||
| 300 | _axviii, 526p. | ||
| 650 |
_aMotion Pictures _vAesthetics |
||
| 942 |
_2lcc _cBK |
||